000 00394nam a2200145Ia 4500
008 231217s9999 xx 000 0 und d
041 _aEnglish
082 _a670 GHO;2
100 _aGhosh, Amitabha. Mallik, Asok Kumar.
245 0 _aManufacturing science
260 _c1985
_bNew Delhi : Affiliated East-West Press,,
300 _ax+433
650 _aManufacturing science
942 _cAA
999 _c163987
_d163987